[Event "Montcalm 4 2022-23"]
[Site "Quebec CAN"]
[Date "2023.01.19"]
[Round "3"]
[White "Plante, Rejean"]
[Black "Fahmi, Adam"]
[Result "0-1"]
[WhiteElo "1966"]
[BlackElo "1584"]
[PlyCount "92"]
[EventDate "2023.01.05"]
[EventType "swiss"]
[EventRounds "5"]
[EventCountry "CAN"]

1. d4 Nf6 2. c4 e6 3. g3 d5 4. Bg2 Be7 5. Nf3 O-O 6. O-O dxc4 7. Qc2 a6 8. Qxc4
b5 9. Qc2 Bb7 10. Nc3 c5 11. dxc5 Bxc5 12. Bg5 Nbd7 13. a3 Rc8 14. Rac1 h6 15.
Bd2 Ne4 16. Nxe4 Bxf2+ 17. Nxf2 Rxc2 18. Rxc2 Nf6 19. Bb4 Re8 20. Rd1 Qa8 21.
Ne1 Bxg2 22. Nxg2 Nd5 23. Bc5 Rc8 24. Rdc1 a5 25. Nd3 Nf6 26. Nf2 Nd5 27. Nf4
Nxf4 28. gxf4 Rd8 29. Be7 Re8 30. e4 Qa7 31. Bc5 Qb8 32. e5 Qb7 33. Rc3 b4 34.
axb4 axb4 35. Rc4 b3 36. Rb4 Qd5 37. Rd4 Qb7 38. Rc3 Ra8 39. Rc1 Qf3 40. Ba3
Qe3 41. Rdc4 Kh7 42. Kf1 Rxa3 43. bxa3 b2 44. Rb1 Qxa3 45. Rc2 Qe3 46. Re1
Qxe1+ 0-1

[Event "Montcalm 4 2022-23"]
[Site "Quebec CAN"]
[Date "2023.01.19"]
[Round "3"]
[White "Roux, Michel"]
[Black "Oliver, Vance"]
[Result "1/2-1/2"]
[WhiteElo "1608"]
[BlackElo "1607"]
[PlyCount "137"]
[EventDate "2023.01.05"]
[EventType "swiss"]
[EventRounds "5"]
[EventCountry "CAN"]

1. d4 Nf6 2. Bf4 d5 3. e3 e6 4. Nf3 Bd6 5. Ne5 O-O 6. Nd2 b6 7. Bd3 Bb7 8. Qe2
Nbd7 9. h4 c5 10. c3 cxd4 11. exd4 Ne4 12. Bxe4 dxe4 13. Nxf7 Rxf7 14. Bxd6 Nf6
15. Be5 h5 16. O-O-O Qd5 17. Kb1 a5 18. Nc4 Qb5 19. Qf1 Ne8 20. Ne3 Qxf1 21.
Rhxf1 Ba6 22. c4 Rc8 23. b3 Nf6 24. f3 Bb7 25. f4 Nd7 26. Bd6 Rc6 27. Ba3 Nf6
28. g3 Ba6 29. Rfe1 b5 30. c5 b4 31. Bb2 Bd3+ 32. Kc1 Ra7 33. Kd2 a4 34. Nc4
axb3 35. axb3 Rca6 36. Ne5 Ra2 37. Kc1 Bb5 38. Kb1 R2a6 39. Kc2 Bc6 40. Ra1 Bd5
41. Rxa6 Rxa6 42. Ra1 Rxa1 43. Bxa1 Kf8 44. Bb2 Ke7 45. Bc1 Kf8 46. Bd2 Ke7 47.
Bxb4 Kd8 48. Be1 e3 49. b4 Ne4 50. b5 Nf2 51. b6 Be4+ 52. Kb3 Nd3 53. Nxd3 Bxd3
54. Kc3 Bb5 55. Kb4 Bc6 56. Kc4 Kc8 57. Kd3 g6 58. Kxe3 Kd7 59. Kd3 Ke7 60. Kc4
Kf6 61. Kd3 Kf5 62. Kc4 Kf6 63. Kb4 Ke7 64. Ka5 Bb7 65. Kb5 Kd7 66. Bf2 Ba8 67.
Ka6 Kc6 68. Ka7 Bb7 69. Kb8 1/2-1/2

[Event "Montcalm 4 2022-23"]
[Site "Quebec CAN"]
[Date "2023.01.19"]
[Round "3"]
[White "Sarra-Bournet, Marc"]
[Black "Gingras, Philippe"]
[Result "1-0"]
[WhiteElo "1776"]
[BlackElo "2053"]
[PlyCount "65"]
[EventDate "2023.01.05"]
[EventType "swiss"]
[EventRounds "5"]
[EventCountry "CAN"]

1. e4 c6 2. d4 d5 3. Nc3 dxe4 4. Nxe4 Nf6 5. Nxf6+ exf6 6. Bc4 b5 7. Bb3 a5 8.
c3 Bf5 9. Qf3 Bg6 10. Bf4 a4 11. Bxb8 Qe7+ 12. Ne2 Be4 13. Qg3 axb3 14. O-O
bxa2 15. Nc1 Bd5 16. Nd3 Qb7 17. Rfe1+ Kd7 18. Bf4 g5 19. Bd2 Qc7 20. Qg4+ Be6
21. Qf3 Bd6 22. Qxf6 Bxh2+ 23. Kh1 Bd6 24. Bxg5 Rhg8 25. Rxe6 fxe6 26. Qf7+ Kc8
27. Qxg8+ Kb7 28. Qxe6 Qg7 29. Qxd6 Qxg5 30. Nb4 Qf5 31. Qxc6+ Kb8 32. Qb6+ Kc8
33. Qc5+ 1-0

[Event "Montcalm 4 2022-23"]
[Site "Quebec CAN"]
[Date "2023.01.19"]
[Round "3"]
[White "Sauve, Richard"]
[Black "Drolet, Stephane"]
[Result "1/2-1/2"]
[WhiteElo "1930"]
[BlackElo "2141"]
[PlyCount "103"]
[EventDate "2023.01.05"]
[EventType "swiss"]
[EventRounds "5"]
[EventCountry "CAN"]

1. d4 d6 2. c4 e5 3. e3 f5 4. dxe5 dxe5 5. Qxd8+ Kxd8 6. Nc3 c6 7. Nf3 e4 8.
Nd4 Nf6 9. Be2 c5 10. Ndb5 a6 11. Na3 Bd6 12. O-O Bd7 13. Rd1 Ke7 14. b3 Bc6
15. Bb2 Nbd7 16. f4 h6 17. Rf1 Rhg8 18. g3 g5 19. Kf2 gxf4 20. gxf4 Ng4+ 21.
Bxg4 fxg4 22. Rad1 Nf6 23. Nd5+ Nxd5 24. cxd5 Bb5 25. Nc4 Bxc4 26. bxc4 b5 27.
Rc1 b4 28. Rg1 Kd7 29. Rg2 Be7 30. Ke2 h5 31. Rcg1 Bh4 32. Be5 Rgf8 33. h3 g3
34. f5 Rxf5 35. Bxg3 Bf6 36. Bf4 a5 37. Rg8 Ra6 38. Rb8 Ra7 39. Rb5 a4 40. Rb1
b3 41. a3 Bc3 42. Rg1 Rf7 43. Rxc5 Rb7 44. Rb5 Rxb5 45. cxb5 Rg7 46. Rxg7+ Bxg7
47. Kd2 Bf8 48. b6 Bd6 49. Bxd6 Kxd6 50. Kc3 Kd7 51. h4 Kd6 52. Kb2 1/2-1/2

[Event "Montcalm 4 2022-23"]
[Site "Quebec CAN"]
[Date "2023.01.19"]
[Round "3"]
[White "Servant, Michel"]
[Black "Laflamme, Simon"]
[Result "1-0"]
[WhiteElo "1641"]
[BlackElo "1965"]
[PlyCount "116"]
[EventDate "2023.01.05"]
[EventType "swiss"]
[EventRounds "5"]
[EventCountry "CAN"]

1. c4 g6 2. g3 Bg7 3. Bg2 c5 4. Nc3 Nc6 5. e3 e6 6. Nge2 Nge7 7. d4 cxd4 8.
exd4 Nf5 9. d5 Ncd4 10. Nxd4 Nxd4 11. O-O O-O 12. Re1 d6 13. Rb1 e5 14. b3 Bf5
15. Ne4 Bxe4 16. Bxe4 f5 17. Bg2 f4 18. gxf4 exf4 19. Qg4 f3 20. Bf1 Be5 21.
Bd3 Qf6 22. Bg5 Qg7 23. Qh4 Nf5 24. Qh3 Rae8 25. Re4 h6 26. Bd2 g5 27. Rg4 Nd4
28. Re1 Ne2+ 29. Bxe2 fxe2 30. Be3 Bf4 31. Rxe2 Bxe3 32. Rxe3 Qa1+ 33. Kg2 Qf6
34. Qg3 Qf5 35. Rxe8 Rxe8 36. Rd4 Qf6 37. Qd3 Re5 38. Re4 Rf5 39. f3 Kf7 40.
Re6 Qb2+ 41. Kg3 Re5 42. Qh7+ Kf8 43. Rf6+ Ke8 44. Qg8+ Kd7 45. Rf7+ Re7 46.
Rxe7+ Kxe7 47. Qe6+ Kf8 48. Qxh6+ Kf7 49. Qh7+ Ke8 50. Qg6+ Kf8 51. Qxd6+ Kf7
52. Qe6+ Kg7 53. Qe7+ Kg6 54. Qe6+ Kg7 55. d6 Qd2 56. Qe5+ Kg6 57. Qe4+ Kg7 58.
Qe7+ Kg6 1-0

[Event "Montcalm 4 2022-23"]
[Site "Quebec CAN"]
[Date "2023.02.02"]
[Round "4"]
[White "Brown, Zachary"]
[Black "Fecteau, Martin"]
[Result "0-1"]
[WhiteElo "1584"]
[BlackElo "1903"]
[PlyCount "88"]
[EventDate "2023.01.05"]
[EventType "swiss"]
[EventRounds "5"]
[EventCountry "CAN"]

1. e4 c5 2. c3 d5 3. exd5 Qxd5 4. Nf3 Nc6 5. Na3 Nf6 6. d4 cxd4 7. Nb5 Qd8 8.
Bf4 Nd5 9. Bg3 a6 10. Nbxd4 Nxd4 11. Qxd4 e6 12. Bc4 b5 13. Bb3 Bb7 14. Rd1 Qb6
15. O-O Qxd4 16. Nxd4 Bc5 17. Rfe1 O-O 18. h3 h6 19. Nxe6 fxe6 20. Rxe6 Rf5 21.
Re2 Kh8 22. Red2 Nf4 23. Rd8+ Rxd8 24. Rxd8+ Bf8 25. Bc2 Rf6 26. f3 Ne2+ 27.
Kf2 Nxg3 28. Kxg3 Bc6 29. h4 g6 30. Rc8 h5 31. Bb3 Kh7 32. Rc7+ Bg7 33. c4 Kh6
34. cxb5 axb5 35. Bg8 Be8 36. Re7 Rf8 37. Bd5 Bxb2 38. Kh3 Bg7 39. g4 hxg4+ 40.
fxg4 Kh7 41. h5 gxh5 42. g5 Bg6 43. Rb7 Bd3 44. Kh4 Rf4+ 0-1

[Event "Montcalm 4 2022-23"]
[Site "Quebec CAN"]
[Date "2023.02.02"]
[Round "4"]
[White "Diotte, Jean-Raymond"]
[Black "Michaud, Jacques"]
[Result "1-0"]
[WhiteElo "1370"]
[BlackElo "1496"]
[PlyCount "93"]
[EventDate "2023.01.05"]
[EventType "swiss"]
[EventRounds "5"]
[EventCountry "CAN"]

1. c4 e5 2. g3 Nf6 3. Bg2 c6 4. Nf3 e4 5. Nd4 d5 6. b3 c5 7. Nb5 a6 8. N5c3 Bf5
9. cxd5 Nxd5 10. Nxe4 Nc6 11. Nbc3 Nxc3 12. Nxc3 Be7 13. O-O O-O 14. Bb2 Bf6
15. d3 Qd7 16. Rb1 Bh3 17. Ne4 Bxb2 18. Rxb2 Bxg2 19. Kxg2 f5 20. Nc3 Nd4 21.
f3 Rae8 22. e4 fxe4 23. dxe4 Qf7 24. Qd3 Re6 25. f4 Qh5 26. Qc4 Kh8 27. Qd5 Qg4
28. Qg5 Qxg5 29. fxg5 Rxf1 30. Kxf1 g6 31. Rf2 Kg8 32. Nd5 Kg7 33. Nf6 Re5 34.
h4 b5 35. g4 a5 36. Ke1 c4 37. bxc4 bxc4 38. Kd2 Nb5 39. Kc2 a4 40. Rd2 Re7 41.
Rd7 Rxd7 42. Nxd7 Nd6 43. Nc5 a3 44. Kc3 Kf7 45. e5 Ke7 46. exd6+ Kxd6 47. Kxc4
1-0

[Event "Montcalm 4 2022-23"]
[Site "Quebec CAN"]
[Date "2023.02.02"]
[Round "4"]
[White "Drolet, Stephane"]
[Black "Sarra-Bournet, Marc"]
[Result "0-1"]
[WhiteElo "2141"]
[BlackElo "1776"]
[PlyCount "22"]
[EventDate "2023.01.05"]
[EventType "swiss"]
[EventRounds "5"]
[EventCountry "CAN"]

1. c4 e5 2. Nc3 Nf6 3. Nf3 Nc6 4. e4 Bc5 5. Nxe5 Bxf2+ 6. Kxf2 Nxe5 7. d4 Nfg4+
8. Kg1 Qf6 9. Qd2 Ng6 10. e5 N6xe5 11. dxe5 Qb6+ 0-1

[Event "Montcalm 4 2022-23"]
[Site "Quebec CAN"]
[Date "2023.02.02"]
[Round "4"]
[White "Fahmi, Adam"]
[Black "Lapierre, Gaetan"]
[Result "0-1"]
[WhiteElo "1584"]
[BlackElo "1806"]
[PlyCount "50"]
[EventDate "2023.01.05"]
[EventType "swiss"]
[EventRounds "5"]
[EventCountry "CAN"]

1. d4 Nf6 2. c4 b6 3. Nf3 Bb7 4. g3 d6 5. Bg2 g6 6. O-O Bg7 7. Nc3 Nbd7 8. Re1
e5 9. e4 O-O 10. h3 Re8 11. Qc2 exd4 12. Nxd4 Nxe4 13. Nxe4 Bxd4 14. Bg5 Qc8
15. Rad1 Bg7 16. Kh2 Rb8 17. Qd2 f6 18. Bh6 Nc5 19. Nc3 Bxh6 20. Qxh6 Bxg2 21.
Kxg2 Qd7 22. Nd5 Qf7 23. Qf4 Kg7 24. h4 Rxe1 25. Rxe1 Nd3 0-1

[Event "Montcalm 4 2022-23"]
[Site "Quebec CAN"]
[Date "2023.02.02"]
[Round "4"]
[White "Gingras, Philippe"]
[Black "Sauve, Richard"]
[Result "1-0"]
[WhiteElo "2053"]
[BlackElo "1930"]
[PlyCount "59"]
[EventDate "2023.01.05"]
[EventType "swiss"]
[EventRounds "5"]
[EventCountry "CAN"]

1. d4 d5 2. Nc3 c5 3. Bf4 Nf6 4. e3 e6 5. Nb5 Na6 6. Nf3 Be7 7. c3 O-O 8. Bd3
c4 9. Bc2 Qb6 10. a4 Bd7 11. Ne5 Bxb5 12. axb5 Qxb5 13. Ra2 Qb6 14. g4 Qd8 15.
g5 Nd7 16. Bxh7+ Kxh7 17. Qh5+ Kg8 18. Nxf7 Nf6 19. gxf6 Rxf7 20. fxe7 Qxe7 21.
Rg1 Qf6 22. Rg6 Qe7 23. Be5 Rd8 24. Ra1 Rd7 25. f4 Qf8 26. Rxe6 Nc7 27. Bxc7
Rxc7 28. Rxa7 Qb8 29. Qxd5 Rcd7 30. Qa5 1-0

[Event "Montcalm 4 2022-23"]
[Site "Quebec CAN"]
[Date "2023.02.02"]
[Round "4"]
[White "Laflamme, Simon"]
[Black "Boissinot, Claude"]
[Result "1/2-1/2"]
[WhiteElo "1965"]
[BlackElo "1484"]
[PlyCount "44"]
[EventDate "2023.01.05"]
[EventType "swiss"]
[EventRounds "5"]
[EventCountry "CAN"]

1. d4 Nf6 2. c4 e6 3. g3 Be7 4. Bg2 d5 5. Nf3 Nc6 6. cxd5 exd5 7. O-O O-O 8.
Nc3 h6 9. Bf4 a6 10. Ne5 Be6 11. Rc1 Nxe5 12. dxe5 Nh5 13. Nxd5 Bxd5 14. Bxd5
c6 15. Bb3 Nxf4 16. gxf4 Qc8 17. e3 Qh3 18. Kh1 Rad8 19. Qe2 Rd2 20. Qxd2 Qf3+
21. Kg1 Qg4+ 22. Kh1 Qf3+ 1/2-1/2

[Event "Montcalm 4 2022-23"]
[Site "Quebec CAN"]
[Date "2023.02.02"]
[Round "4"]
[White "Perreault, Jacquelin"]
[Black "Cournoyer, Dominic"]
[Result "1/2-1/2"]
[WhiteElo "1761"]
[BlackElo "1958"]
[PlyCount "126"]
[EventDate "2023.01.05"]
[EventType "swiss"]
[EventRounds "5"]
[EventCountry "CAN"]

1. e4 d5 2. exd5 Qxd5 3. Nf3 Nf6 4. d4 Bf5 5. c4 Qd8 6. Nc3 e6 7. Bd3 Bxd3 8.
Qxd3 Nbd7 9. O-O Be7 10. Bf4 c6 11. Rfe1 O-O 12. a3 Nb6 13. Rad1 h6 14. Ne4
Nxe4 15. Rxe4 Nd7 16. Ne5 Nf6 17. Re3 Bd6 18. h3 c5 19. dxc5 Bxc5 20. Qxd8
Raxd8 21. Red3 Rxd3 22. Rxd3 Ne4 23. Be3 Bxe3 24. Rxe3 Nf6 25. Rd3 Rc8 26. b4
b6 27. Kf1 Kf8 28. Ke2 Ke7 29. Ke3 Rc7 30. g4 Nd7 31. Rxd7+ Rxd7 32. Nxd7 Kxd7
33. Kd4 Kd6 34. f4 f6 35. h4 Kc6 36. a4 Kd6 37. b5 g6 38. h5 gxh5 39. gxh5 f5
40. Kd3 e5 41. fxe5+ Kxe5 42. Ke3 f4+ 43. Kf3 Kf5 44. c5 bxc5 45. a5 c4 46. b6
c3 47. bxa7 c2 48. a8=Q c1=Q 49. Qd5+ Kf6 50. Qd6+ Kg7 51. Qg6+ Kf8 52. Qxh6+
Ke7 53. Qg5+ Ke6 54. Qg6+ Ke7 55. Qe4+ Kd7 56. Qd5+ Ke7 57. Qb7+ Ke6 58. Qb6+
Ke7 59. Qb4+ Ke6 60. Qe4+ Kd7 61. Qxf4 Qd1+ 62. Kg3 Qxh5 63. Qg4+ Qxg4+ 1/2-1/2

[Event "Montcalm 4 2022-23"]
[Site "Quebec CAN"]
[Date "2023.02.02"]
[Round "4"]
[White "Roux, Michel"]
[Black "Servant, Michel"]
[Result "0-1"]
[WhiteElo "1608"]
[BlackElo "1641"]
[PlyCount "86"]
[EventDate "2023.01.05"]
[EventType "swiss"]
[EventRounds "5"]
[EventCountry "CAN"]

1. d4 d5 2. Bf4 Nf6 3. e3 Bf5 4. c4 c6 5. Nc3 e6 6. Qb3 Qd7 7. Nf3 Be7 8. Ne5
Qc8 9. Be2 Nbd7 10. O-O O-O 11. Rac1 Re8 12. cxd5 exd5 13. Rfd1 a6 14. Bd3 Bxd3
15. Nxd3 Nf8 16. h3 Ng6 17. Bh2 Bf8 18. Na4 Nd7 19. Nac5 Nxc5 20. Nxc5 Bxc5 21.
Rxc5 Qd7 22. Rdc1 Re4 23. Qd1 Rae8 24. R5c3 f5 25. Qd2 Qf7 26. Bg3 f4 27. exf4
Re2 28. Qd3 Nxf4 29. Bxf4 Qxf4 30. Rf1 Rxb2 31. Rc2 Rxc2 32. Qxc2 Qxd4 33. Qf5
Qf6 34. Qc2 Qe6 35. a4 d4 36. Rb1 Re7 37. Qd1 c5 38. Qd3 Qd5 39. Qg3 Re8 40.
Qc7 Qc6 41. Qa5 d3 42. Rb6 d2 43. Rxc6 d1=Q+ 0-1

[Event "Montcalm 4 2022-23"]
[Site "Quebec CAN"]
[Date "2023.02.09"]
[Round "5"]
[White "Fecteau, Martin"]
[Black "Sarra-Bournet, Marc"]
[Result "1-0"]
[WhiteElo "1903"]
[BlackElo "1776"]
[PlyCount "107"]
[EventDate "2023.01.05"]
[EventType "swiss"]
[EventRounds "5"]
[EventCountry "CAN"]

1. d4 d5 2. c4 e6 3. Nf3 Nf6 4. Bg5 Be7 5. e3 O-O 6. Bd3 Nbd7 7. O-O c5 8. cxd5
exd5 9. Nc3 cxd4 10. exd4 Re8 11. Rc1 a6 12. h3 b6 13. Qc2 Bb7 14. Qb1 Ne4 15.
Bf4 Ndf6 16. Bc7 Qxc7 17. Nxe4 Qf4 18. Nxf6+ Bxf6 19. Bxh7+ Kh8 20. Qf5 Qh6 21.
Ne5 Bxe5 22. dxe5 Qxh7 23. Qxf7 Rab8 24. Rc7 Ba8 25. e6 Rf8 26. Qd7 Qg6 27. e7
Rfe8 28. g3 Qe4 29. f3 Qe3+ 30. Kg2 d4 31. Rf2 d3 32. Qg4 Kg8 33. Qc4+ Kh8 34.
Qh4+ Kg8 35. Qc4+ Kh7 36. Qh4+ Kg6 37. Rd7 Qg5 38. Rd6+ Kf5 39. g4+ Ke5 40.
Qxg5+ Kxd6 41. Qg6+ Kxe7 42. Qxd3 Kf8 43. Qxa6 Bd5 44. a3 Rec8 45. Qd3 Rd8 46.
Qf5+ Kg8 47. Kg3 Bf7 48. h4 Rd5 49. Qf4 Rbd8 50. Re2 Rd1 51. Re7 Rf8 52. Qg5
Rd5 53. Qe3 Bg6 54. Qe6+ 1-0

[Event "Montcalm 4 2022-23"]
[Site "Quebec CAN"]
[Date "2023.02.09"]
[Round "5"]
[White "Fleury, Dominic"]
[Black "Boyer, Vincent"]
[Result "0-1"]
[WhiteElo "1390"]
[BlackElo "1233"]
[PlyCount "80"]
[EventDate "2023.01.05"]
[EventType "swiss"]
[EventRounds "5"]
[EventCountry "CAN"]

1. e4 e6 2. d4 d5 3. e5 c5 4. Nf3 cxd4 5. Nxd4 Nc6 6. Bb5 Bd7 7. Bf4 a6 8. Nxc6
Bxc6 9. Be2 Qb6 10. b3 Bc5 11. O-O Rd8 12. Nd2 Ne7 13. c4 Ng6 14. Bg3 O-O 15.
Qc2 Qc7 16. Nf3 d4 17. Rfe1 Bb4 18. Nd2 Nxe5 19. Bf3 Nxf3+ 20. Nxf3 Qa5 21. Re5
d3 22. Qd1 Qa3 23. Bf4 Bxf3 24. gxf3 Bc3 25. Rb1 Bxe5 26. Bxe5 f6 27. Bc3 Rfe8
28. Qd2 Qd6 29. Re1 b5 30. Re4 bxc4 31. Rxc4 e5 32. Kf1 e4 33. f4 g5 34. Qe3
gxf4 35. Qh3 d2 36. Qg4+ Kf7 37. Qh5+ Kg8 38. Bxd2 Qxd2 39. Qh6 Qd1+ 40. Kg2
Qf3+ 0-1

[Event "Montcalm 4 2022-23"]
[Site "Quebec CAN"]
[Date "2023.02.09"]
[Round "5"]
[White "Gauthier-Andersen, Gabriel"]
[Black "Brown, Zachary"]
[Result "0-1"]
[WhiteElo "1290"]
[BlackElo "1584"]
[PlyCount "68"]
[EventDate "2023.01.05"]
[EventType "swiss"]
[EventRounds "5"]
[EventCountry "CAN"]

1. e4 c5 2. b3 Nc6 3. Bb2 e6 4. Bb5 a6 5. Bxc6 bxc6 6. d3 d5 7. Nd2 Nf6 8. Ngf3
Be7 9. O-O O-O 10. Re1 Qc7 11. a4 d4 12. a5 e5 13. h3 Be6 14. c4 h6 15. Nf1
Rab8 16. Ng3 Nd7 17. Nf5 Bf6 18. Nh2 Rb4 19. Ng4 Rfb8 20. Ra3 Bxf5 21. exf5 Qb7
22. Nxf6+ Nxf6 23. Kf1 Rxb3 24. Rxb3 Qxb3 25. Qxb3 Rxb3 26. Bc1 Nd7 27. Ke2 f6
28. g4 Kf7 29. h4 Rb1 30. Bd2 Rxe1+ 31. Bxe1 e4 32. g5 hxg5 33. hxg5 exd3+ 34.
Kxd3 Ne5+ 0-1

[Event "Montcalm 4 2022-23"]
[Site "Quebec CAN"]
[Date "2023.02.09"]
[Round "5"]
[White "Lapierre, Gaetan"]
[Black "Cournoyer, Dominic"]
[Result "1/2-1/2"]
[WhiteElo "1806"]
[BlackElo "1958"]
[PlyCount "50"]
[EventDate "2023.01.05"]
[EventType "swiss"]
[EventRounds "5"]
[EventCountry "CAN"]

1. e4 d5 2. exd5 Qxd5 3. Nf3 Nf6 4. Nc3 Qa5 5. Be2 Bf5 6. O-O c6 7. Nd4 Bg6 8.
Nb3 Qc7 9. d4 e6 10. Be3 Bd6 11. h3 Nbd7 12. a4 O-O 13. Nd2 Rfd8 14. Nc4 Be7
15. Bd3 Bxd3 16. Qxd3 e5 17. Qe2 exd4 18. Bxd4 Re8 19. Qf3 Bc5 20. Bxc5 Nxc5
21. Rfe1 h6 22. Rad1 Rad8 23. Rxd8 Qxd8 24. Rxe8+ Qxe8 25. Qe3 Qxe3 1/2-1/2

[Event "Montcalm 4 2022-23"]
[Site "Quebec CAN"]
[Date "2023.02.09"]
[Round "5"]
[White "Sauve, Richard"]
[Black "Perreault, Jacquelin"]
[Result "1-0"]
[WhiteElo "1930"]
[BlackElo "1761"]
[PlyCount "75"]
[EventDate "2023.01.05"]
[EventType "swiss"]
[EventRounds "5"]
[EventCountry "CAN"]

1. d4 Nf6 2. c4 e6 3. Nc3 Bb4 4. Qc2 O-O 5. Nf3 b6 6. e4 Bxc3+ 7. bxc3 d5 8.
cxd5 exd5 9. e5 Ne4 10. Bd3 Bb7 11. O-O c5 12. Bf4 Nd7 13. Rac1 Rc8 14. Qb2 h6
15. Bg3 Qe7 16. Nh4 cxd4 17. cxd4 Rxc1 18. Rxc1 Rc8 19. Rxc8+ Bxc8 20. Nf5 Qd8
21. Qc2 Nxg3 22. hxg3 Nf8 23. Nd6 Bd7 24. f4 Ne6 25. Qc3 Qc7 26. Qb2 g6 27. f5
Nf8 28. Qd2 g5 29. Kh2 f6 30. Ba6 Kh7 31. Qd3 h5 32. Bb7 h4 33. gxh4 Qc1 34.
Qf3 gxh4 35. Bxd5 fxe5 36. dxe5 Qg5 37. Be4 Kg8 38. Qb3+ 1-0

[Event "Montcalm 4 2022-23"]
[Site "Quebec CAN"]
[Date "2023.02.09"]
[Round "5"]
[White "Servant, Michel"]
[Black "Gingras, Philippe"]
[Result "0-1"]
[WhiteElo "1641"]
[BlackElo "2053"]
[PlyCount "92"]
[EventDate "2023.01.05"]
[EventType "swiss"]
[EventRounds "5"]
[EventCountry "CAN"]

1. c4 e5 2. g3 Nf6 3. Bg2 c6 4. e3 d5 5. cxd5 cxd5 6. d4 e4 7. Ne2 Nc6 8. O-O
h5 9. h3 Bd6 10. Nbc3 O-O 11. a3 Na5 12. Nb5 Bb8 13. Qc2 a6 14. Nbc3 Be6 15.
Bd2 Bd6 16. b3 Rc8 17. Qb2 b5 18. Rfc1 Nb7 19. Nf4 Bxf4 20. exf4 Nd6 21. Ne2
Nf5 22. Bb4 Re8 23. Qd2 Qb6 24. Bc5 Qb7 25. Qb4 e3 26. a4 exf2+ 27. Kxf2 Ne4+
28. Kf3 h4 29. g4 Nfg3 30. Nxg3 Nxg3 31. axb5 axb5 32. Ra7 Qc6 33. Rca1 Rc7 34.
R1a6 Qd7 35. Rxc7 Qxc7 36. Qxb5 Bd7 37. Qb4 Re4 38. Ra8+ Kh7 39. Qd2 Qb7 40.
Ra3 Qb5 41. Qc2 f5 42. gxf5 Re2 43. Qb1 Bxf5 44. Qd1 Be4+ 45. Kg4 Rxg2 46. Ra7
Nf5+ 0-1

[Event "Montcalm 5 2022-23"]
[Site "Quebec CAN"]
[Date "2023.02.16"]
[Round "1"]
[White "Auger, Bertrand"]
[Black "Demushkina, Alina"]
[Result "1-0"]
[WhiteElo "2036"]
[BlackElo "1660"]
[PlyCount "95"]
[EventDate "2023.02.16"]
[EventType "swiss"]
[EventRounds "5"]
[EventCountry "CAN"]

1. Nf3 d5 2. g3 Nc6 3. d4 Nf6 4. Bg2 g6 5. O-O Bg7 6. Ne5 O-O 7. Nxc6 bxc6 8.
c4 Ba6 9. Na3 Qd7 10. Qa4 Bb7 11. Bf4 Rfd8 12. Be5 Nh5 13. Bxg7 Kxg7 14. Rfd1
f6 15. Rac1 e5 16. cxd5 cxd5 17. Qxd7+ Rxd7 18. dxe5 fxe5 19. Nc4 Re8 20. Na5
Ba8 21. Nc6 Bxc6 22. Rxc6 Nf6 23. Rdc1 Rb8 24. b3 Ne8 25. Ra6 Rb7 26. Re6 Kf7
27. Rxe5 Nf6 28. Re3 Re7 29. Rf3 Rxe2 30. Bh3 Re7 31. Rc6 Rb6 32. Rfxf6+ Kg7
33. Rfe6 Rxe6 34. Rxe6 Kf7 35. Re2 d4 36. Kf1 c5 37. Rd2 Kf6 38. Ke2 Ke5 39.
Kd3 Rf6 40. Re2+ Kd6 41. Bg2 g5 42. Be4 h6 43. Rc2 Rf7 44. b4 Rc7 45. bxc5+
Rxc5 46. Rxc5 Kxc5 47. f4 gxf4 48. gxf4 1-0

[Event "Montcalm 5 2022-23"]
[Site "Quebec CAN"]
[Date "2023.02.16"]
[Round "1"]
[White "Brown, Zachary"]
[Black "Fecteau, Martin"]
[Result "1/2-1/2"]
[WhiteElo "1499"]
[BlackElo "1912"]
[PlyCount "104"]
[EventDate "2023.02.16"]
[EventType "swiss"]
[EventRounds "5"]
[EventCountry "CAN"]

1. e4 c5 2. c3 d5 3. exd5 Qxd5 4. Nf3 Nc6 5. Na3 Bg4 6. Be2 e6 7. O-O Nf6 8.
Nc2 Qd7 9. d4 cxd4 10. Ncxd4 Nxd4 11. Nxd4 Bxe2 12. Qxe2 Be7 13. Rd1 O-O 14.
Nf5 Qc7 15. Nxe7+ Qxe7 16. Bg5 Rfd8 17. h3 h6 18. Bh4 g5 19. Bg3 Nd5 20. Rd2
Qf6 21. Rad1 Re8 22. c4 Nf4 23. Bxf4 Qxf4 24. b3 Re7 25. Rd4 Qc7 26. Qh5 Kg7
27. h4 f6 28. R4d3 Rf8 29. Rh3 Rh8 30. hxg5 fxg5 31. Qe2 Rf8 32. Rhd3 Qf4 33.
Rf3 Qc7 34. Qb2+ e5 35. Rxf8 Kxf8 36. Qa3 a6 37. Qd6 Qxd6 38. Rxd6 Kg7 39. f3
h5 40. Kf2 Kf7 41. Ke3 g4 42. Rh6 gxf3 43. gxf3 Kg7 44. Rxh5 Kg6 45. Rh2 Kf5
46. Rh5+ Kg6 47. Rh4 Kf5 48. Re4 Rh7 49. Kd3 Rh1 50. Re2 Rf1 51. Ke3 Rh1 52.
Rf2 Rh4 1/2-1/2

[Event "Montcalm 5 2022-23"]
[Site "Quebec CAN"]
[Date "2023.02.16"]
[Round "1"]
[White "Chabot, Sebastien"]
[Black "Perreault, Jacquelin"]
[Result "0-1"]
[WhiteElo "1333"]
[BlackElo "1774"]
[PlyCount "70"]
[EventDate "2023.02.16"]
[EventType "swiss"]
[EventRounds "5"]
[EventCountry "CAN"]

1. d4 Nf6 2. Nf3 b6 3. c4 e6 4. Bg5 Bb7 5. Nc3 Bb4 6. a3 Bxc3+ 7. bxc3 d6 8. d5
exd5 9. cxd5 Bxd5 10. Qxd5 Nxd5 11. Bxd8 Kxd8 12. c4 Nf6 13. e3 Nbd7 14. Bd3
Nc5 15. Bc2 h6 16. Nd4 g6 17. f3 Re8 18. Kf2 Ke7 19. Rhe1 Kf8 20. g4 Rad8 21.
Nc6 Ra8 22. Rad1 Nfd7 23. Rd4 a5 24. h4 Ne5 25. Nxe5 Rxe5 26. f4 Re7 27. Kf3
Rae8 28. Rd5 Kg7 29. h5 Ne4 30. Rd3 g5 31. Ba4 Nc5 32. Bxe8 Nxd3 33. Rd1 Nb2
34. Rb1 Nxc4 35. Bc6 Nd2+ 0-1

[Event "Montcalm 5 2022-23"]
[Site "Quebec CAN"]
[Date "2023.02.16"]
[Round "1"]
[White "Cournoyer, Dominic"]
[Black "Oliver, Vance"]
[Result "1-0"]
[WhiteElo "1939"]
[BlackElo "1585"]
[PlyCount "79"]
[EventDate "2023.02.16"]
[EventType "swiss"]
[EventRounds "5"]
[EventCountry "CAN"]

1. c4 Nf6 2. Nc3 g6 3. g3 Bg7 4. Bg2 c6 5. Nf3 O-O 6. O-O d6 7. Rb1 Nbd7 8. b4
Nb6 9. d3 Bd7 10. a4 a5 11. b5 c5 12. Bd2 Qc8 13. Re1 Bh3 14. Bh1 h6 15. Nh4
Qd7 16. Ng2 Rab8 17. Nf4 Be6 18. Nxe6 fxe6 19. Ne4 Ra8 20. e3 Kh7 21. Nxf6+
exf6 22. f4 f5 23. e4 Rfe8 24. Qf3 Ra7 25. exf5 exf5 26. Rxe8 Qxe8 27. Re1 Qf7
28. Qd1 Nd7 29. Qe2 b6 30. Qe7 Qf6 31. Qxf6 Nxf6 32. Bc6 Ng4 33. Re6 Bd4+ 34.
Kg2 Nf2 35. Rxd6 Re7 36. Rxd4 cxd4 37. Kxf2 Kg7 38. Bc1 Re6 39. Bb2 Rd6 40. Bd5
1-0

[Event "Montcalm 5 2022-23"]
[Site "Quebec CAN"]
[Date "2023.02.16"]
[Round "1"]
[White "Gagnon-Paradis, Ulysse"]
[Black "Sauve, Richard"]
[Result "1/2-1/2"]
[WhiteElo "1617"]
[BlackElo "1965"]
[PlyCount "104"]
[EventDate "2023.02.16"]
[EventType "swiss"]
[EventRounds "5"]
[EventCountry "CAN"]

1. d4 d5 2. Bf4 Nf6 3. Nf3 c5 4. c3 Qb6 5. Qb3 c4 6. Qc2 Nc6 7. Nbd2 Bg4 8. Ne5
Bh5 9. e4 e6 10. Be2 Bxe2 11. Kxe2 Be7 12. Rhe1 O-O 13. Kf1 Rfe8 14. h3 Rad8
15. exd5 exd5 16. Re2 Bd6 17. Rae1 Qc7 18. Qf5 Ne7 19. Qc2 Ng6 20. Nxg6 Rxe2
21. Rxe2 hxg6 22. Bg5 Bf4 23. Bxf6 gxf6 24. Nf3 Qd7 25. Kg1 Re8 26. g3 Rxe2 27.
Qxe2 Bd6 28. Kg2 Kg7 29. Nh2 Qf5 30. Nf1 Qe6 31. Ne3 Qe4+ 32. Qf3 f5 33. Qxe4
fxe4 34. Nxd5 b5 35. h4 f5 36. Kf1 g5 37. hxg5 Kg6 38. b3 cxb3 39. axb3 Kxg5
40. Ke2 a5 41. c4 bxc4 42. bxc4 a4 43. c5 Bb8 44. Kd2 Kg4 45. Ne3+ Kf3 46. Nxf5
Kxf2 47. g4 a3 48. Kc2 e3 49. Nxe3 Kxe3 50. g5 Kxd4 51. g6 Be5 52. c6 a2
1/2-1/2